000 00878cam a2200217 a 4500
005 20160331151038.0
008 890731s1998 ck rc 00110 spa d
020 _a9589037755
040 _ala
_cla
_dCO-BoIAVH
041 0 _aspa
082 0 4 _a660.6
_bC68b2
110 2 _aColciencias.
_bPrograma Nacional de Biotecnología.
245 1 0 _aBiotechnology in Colombia :
_bresearch groups, 1998 /
_cedited by Elizabeth Hodson de Jaramillo, Rafael H. Aramendis, co-editor Mercedes Guhl.
260 _aBogotá :
_bTercer Mundo Editores,
_c1998.
300 _axvi, 143 páginas ;
_c23 centímetros.
650 1 4 _aBiotechnology
_x research
_z Colombia
_v
700 1 _aHodson de Jaramillo, Elizabeth,
_eeditor.
700 1 _aAramendis Ramírez, Rafael Humberto,
_eeditor.
700 1 _aGuhl, Mercedes,
_d1968-,
_ecoeditor
942 _2ddc
_cLIBRO
999 _c18255
_d18255